000 00451nam a2200181Ia 4500
001 25123
005 20260414151129.0
008 260414t2016||||xx |||||||||||||| ||spa||
041 _aESP
082 _a346.24
_bC25M
100 _aCanales Torres, Claudia,
_eAUT
245 0 _aMatrimonio :
_binvalidez, separación y divorcio
260 _c2016
300 _a192 pƔginas :
_c24 cm.
650 _aDER
654 _aCDE
942 _cLIB
_dJUS
_fJUS
_2ddc
_n
999 _c25123
_d25123